<?xml version="1.0" encoding="UTF-8"?>
<record
    xmlns:xsi="http://www.w3.org/2001/XMLSchema-instance"
    xsi:schemaLocation="http://www.loc.gov/MARC21/slim http://www.loc.gov/standards/marcxml/schema/MARC21slim.xsd"
    xmlns="http://www.loc.gov/MARC21/slim">

  <leader>00444nam a22001217a 4500</leader>
  <datafield tag="040" ind1=" " ind2=" ">
    <subfield code="c">RUA</subfield>
  </datafield>
  <datafield tag="100" ind1=" " ind2=" ">
    <subfield code="a">NEAK PISEY &#x1793;&#x17B6;&#x1780;&#x17CB; &#x1796;&#x17B7;&#x179F;&#x17B8;</subfield>
  </datafield>
  <datafield tag="245" ind1=" " ind2=" ">
    <subfield code="a">EFFECT OF LIME LEVELS ON GROWTH OF MUNGBEAN IN ACIDIC SOILS. &#x17A5;&#x1791;&#x17D2;&#x1792;&#x17B7;&#x1796;&#x179B;&#x1780;&#x1798;&#x17D2;&#x179A;&#x17B7;&#x178F;&#x1780;&#x17C6;</subfield>
  </datafield>
  <datafield tag="260" ind1=" " ind2=" ">
    <subfield code="a">Phnom Penh</subfield>
    <subfield code="b">RUA</subfield>
    <subfield code="c">2019</subfield>
  </datafield>
  <datafield tag="300" ind1=" " ind2=" ">
    <subfield code="a">VIII.25P</subfield>
    <subfield code="b">VI</subfield>
    <subfield code="c">29CM</subfield>
  </datafield>
  <datafield tag="856" ind1=" " ind2=" ">
    <subfield code="u"> https://drive.google.com/file/d/15_kSR7e-ZBWQqaG7M6X7TXYJmXF8nSbZ/view?usp=sharing</subfield>
  </datafield>
  <datafield tag="942" ind1=" " ind2=" ">
    <subfield code="c">AGR</subfield>
  </datafield>
  <datafield tag="999" ind1=" " ind2=" ">
    <subfield code="c">20596</subfield>
    <subfield code="d">20596</subfield>
  </datafield>
  <datafield tag="952" ind1=" " ind2=" ">
    <subfield code="0">0</subfield>
    <subfield code="1">0</subfield>
    <subfield code="2">ddc</subfield>
    <subfield code="4">0</subfield>
    <subfield code="6">AGR_NEA_2019_000000000000000_B1_590_OR</subfield>
    <subfield code="7">0</subfield>
    <subfield code="9">91719</subfield>
    <subfield code="a">LBB</subfield>
    <subfield code="b">LBB</subfield>
    <subfield code="c">B1.590</subfield>
    <subfield code="d">2022-10-04</subfield>
    <subfield code="o">AGR NEA 2019 B1.590 Or.</subfield>
    <subfield code="p">a069152</subfield>
    <subfield code="r">2022-10-04</subfield>
    <subfield code="w">2022-10-04</subfield>
    <subfield code="y">AGR</subfield>
  </datafield>
  <datafield tag="952" ind1=" " ind2=" ">
    <subfield code="0">0</subfield>
    <subfield code="1">0</subfield>
    <subfield code="2">ddc</subfield>
    <subfield code="4">0</subfield>
    <subfield code="6">AGR_NEA_2019_000000000000000_B1_590_OR</subfield>
    <subfield code="7">0</subfield>
    <subfield code="9">91720</subfield>
    <subfield code="a">LBB</subfield>
    <subfield code="b">LBB</subfield>
    <subfield code="c">B1.590</subfield>
    <subfield code="d">2022-10-04</subfield>
    <subfield code="o">AGR NEA 2019 B1.590 Or.</subfield>
    <subfield code="p">a069132</subfield>
    <subfield code="r">2022-10-04</subfield>
    <subfield code="w">2022-10-04</subfield>
    <subfield code="y">AGR</subfield>
  </datafield>
  <datafield tag="952" ind1=" " ind2=" ">
    <subfield code="0">0</subfield>
    <subfield code="1">0</subfield>
    <subfield code="2">ddc</subfield>
    <subfield code="4">0</subfield>
    <subfield code="6">AGR_NEA_2019_000000000000000_B1_590_OR</subfield>
    <subfield code="7">0</subfield>
    <subfield code="9">91721</subfield>
    <subfield code="a">LBB</subfield>
    <subfield code="b">LBB</subfield>
    <subfield code="c">B1.590</subfield>
    <subfield code="d">2022-10-04</subfield>
    <subfield code="o">AGR NEA 2019 B1.590 Or.</subfield>
    <subfield code="p">a069156</subfield>
    <subfield code="r">2022-10-04</subfield>
    <subfield code="w">2022-10-04</subfield>
    <subfield code="y">AGR</subfield>
  </datafield>
  <datafield tag="952" ind1=" " ind2=" ">
    <subfield code="0">0</subfield>
    <subfield code="1">0</subfield>
    <subfield code="2">ddc</subfield>
    <subfield code="4">0</subfield>
    <subfield code="6">AGR_NEA_2019_000000000000000_B1_590_OR</subfield>
    <subfield code="7">0</subfield>
    <subfield code="9">91722</subfield>
    <subfield code="a">LBB</subfield>
    <subfield code="b">LBB</subfield>
    <subfield code="c">B1.590</subfield>
    <subfield code="d">2022-10-04</subfield>
    <subfield code="o">AGR NEA 2019 B1.590 Or.</subfield>
    <subfield code="p">a069172</subfield>
    <subfield code="r">2022-10-04</subfield>
    <subfield code="w">2022-10-04</subfield>
    <subfield code="y">AGR</subfield>
  </datafield>
</record>
